Bibliografía antropológica de Costa Rica (1967-1972) /
Guardado en:
| Hovedforfatter: | |
|---|---|
| Format: | Texto |
| Sprog: | Spanish |
| Fag: | |
| Tags: |
Tilføj Tag
Ingen Tags, Vær først til at tagge denne postø!
|
MARC
| LEADER | 00000 a a2200000 04500 | ||
|---|---|---|---|
| 001 | 7953 | ||
| 003 | cru CRAI/IIS | ||
| 005 | 20210427153411.0 | ||
| 008 | 210427b ||||| |||| 00| 0 spa d | ||
| 040 | |c cru CRAI/IIS | ||
| 100 | |a Bozzoli de Wille, María Eugenia | ||
| 245 | 1 | |a Bibliografía antropológica de Costa Rica (1967-1972) / |c María Eugenia Bozzoli de Wille | |
| 500 | |a Colección Centroamérica | ||
| 650 | |a BIBLIOGRAFIAS | ||
| 650 | |a ANTROPOLOGIA | ||
| 773 | |g número 7; páginas 163-189 | ||
| 773 | 0 | |0 18875 |9 5502 |a Universidad de Costa Rica. |d San José, Costa Rica: Universidad de Costa Rica. Consejo Superior Universitario Centroamericano, 1972- |o 13790 |t Estudios Sociales Centroamericanos / |x 03039676 | |
| 942 | |2 ddc |c PP | ||
| 999 | |c 31618 |d 31618 | ||
